[Event "Belgrade CupT final"]
[Site "Belgrade"]
[Date "2008.04.12"]
[Round "4"]
[White "Ciric, Dragoljub M"]
[Black "Nestorovic, Dejan"]
[Result "1/2-1/2"]
[WhiteElo "2277"]
[BlackElo "2426"]
[PlyCount "35"]
[EventDate "2008.04.09"]
[EventType "team-swiss"]
[EventRounds "5"]
[EventCountry "SRB"]
[SourceTitle "EXT 2023"]
[Source "ChessBase"]
[SourceDate "2022.10.05"]
[SourceVersion "1"]
[SourceVersionDate "2022.10.05"]
[SourceQuality "1"]

1. e4 c5 2. Nf3 a6 3. c4 Nc6 4. d4 cxd4 5. Nxd4 e5 6. Nb3 Nf6 7. Nc3 Bb4 8. Bd3 d6 9. 0-0 Bxc3 10. bxc3 Be6 11. c5 d5 12. exd5 Nxd5 13. Qc2 h6 14. a3 0-0 15. c4 Nde7 16. Be3 Qc7 17. Rad1 Rad8 18. Rd2 1/2-1/2

[Event "Biel MTO op"]
[Site "Biel"]
[Date "2002.07.29"]
[Round "7"]
[White "Carron, Julien"]
[Black "Ciric, Dragoljub M"]
[Result "1-0"]
[WhiteElo "2198"]
[BlackElo "2276"]
[PlyCount "77"]
[EventDate "2002.07.22"]
[EventType "swiss"]
[EventRounds "11"]
[EventCountry "SUI"]
[SourceTitle "EXT 2003"]
[Source "ChessBase"]
[SourceDate "2002.11.25"]
[SourceVersion "1"]
[SourceVersionDate "2002.11.25"]
[SourceQuality "1"]

1. d4 Nf6 2. c4 e6 3. g3 c5 4. d5 exd5 5. cxd5 d6 6. Nc3 g6 7. Bg2 Bg7 8. Nf3 0-0 9. 0-0 a6 10. a4 Nbd7 11. Bf4 Qc7 12. h3 h6 13. Re1 Re8 14. e4 Nh7 15. Qd2 g5 16. Be3 f6 17. Rab1 Ndf8 18. b4 b6 19. bxc5 bxc5 20. Qc2 Bd7 21. Nd2 Reb8 22. f4 Rb4 23. Nb5 Rxb5 24. axb5 axb5 25. Bf1 Rb8 26. Rb3 Qc8 27. f5 b4 28. Ra1 Qc7 29. Ra6 Rb6 30. Qa2 Bc8 31. Rxb6 Qxb6 32. Qa8 Qc7 33. Nc4 Nd7 34. Nxd6 Nb8 35. e5 Bf8 36. Nxc8 Qxc8 37. d6 fxe5 38. Qd5+ Kg7 39. Bc4 1-0

[Event "Biel MTO op"]
[Site "Biel"]
[Date "2002.07.25"]
[Round "4"]
[White "Ciric, Dragoljub M"]
[Black "Kosteniuk, Alexandra"]
[Result "0-1"]
[WhiteElo "2276"]
[BlackElo "2459"]
[PlyCount "34"]
[EventDate "2002.07.22"]
[EventType "swiss"]
[EventRounds "11"]
[EventCountry "SUI"]
[SourceTitle "EXT 2003"]
[Source "ChessBase"]
[SourceDate "2002.11.25"]
[SourceVersion "1"]
[SourceVersionDate "2002.11.25"]
[SourceQuality "1"]

1. e4 c5 2. Nf3 d6 3. d4 cxd4 4. Qxd4 Nc6 5. Bb5 Bd7 6. Bxc6 Bxc6 7. Nc3 Nf6 8. Bg5 e6 9. 0-0-0 Be7 10. Rhe1 0-0 11. Qd2 h6 12. Bh4 Nxe4 13. Rxe4 Bxh4 14. Rg4 h5 15. Rd4 Be7 16. Ne4 e5 17. Nxe5 Bxe4 0-1

[Event "Biel MTO op"]
[Site "Biel"]
[Date "2001.07.31"]
[Round "8"]
[White "Frauenfelder, Rudolf"]
[Black "Ciric, Dragoljub M"]
[Result "0-1"]
[WhiteElo "2195"]
[BlackElo "2311"]
[PlyCount "96"]
[EventDate "2001.07.23"]
[EventType "swiss"]
[EventRounds "11"]
[EventCountry "SUI"]
[SourceTitle "CBM 083 Extra"]
[Source "ChessBase"]
[SourceDate "2001.09.11"]
[SourceVersion "1"]
[SourceVersionDate "2001.09.11"]
[SourceQuality "1"]

1. c4 e5 2. g3 g6 3. Bg2 Bg7 4. Nc3 Ne7 5. e4 0-0 6. Nge2 Nbc6 7. d3 d6 8. 0-0 Be6 9. Nd5 Qd7 10. Be3 f5 11. Qd2 Rf7 12. Bg5 Raf8 13. Nxe7+ Nxe7 14. Rac1 c5 15. b4 cxb4 16. Bxe7 Qxe7 17. Qxb4 f4 18. f3 fxg3 19. hxg3 Bh6 20. f4 Bg4 21. Nc3 exf4 22. gxf4 Bxf4 23. Nd5 Qe5 24. Rxf4 Rxf4 25. Nxf4 Qxf4 26. Qe1 h5 27. d4 Qg5 28. Rc2 h4 29. Qd2 Rf4 30. Kh2 Bf3 31. Bxf3 Qg3+ 32. Kh1 Qxf3+ 33. Qg2 Qxe4 34. Qxe4 Rxe4 35. c5 Rxd4 36. cxd6 Rxd6 37. Rc8+ Kg7 38. Rc7+ Kh6 39. Rxb7 Ra6 40. Rb2 Ra3 41. Kh2 g5 42. Rc2 Kh5 43. Kg2 h3+ 44. Kh2 Kh4 45. Rc4+ g4 46. Rc2 Rd3 47. Kg1 Rd1+ 48. Kf2 h2 0-1

[Event "Biel MTO op"]
[Site "Biel"]
[Date "2001.07.26"]
[Round "4"]
[White "Ciric, Dragoljub M"]
[Black "Tseitlin, Mark D"]
[Result "0-1"]
[WhiteElo "2311"]
[BlackElo "2509"]
[PlyCount "86"]
[EventDate "2001.07.23"]
[EventType "swiss"]
[EventRounds "11"]
[EventCountry "SUI"]
[SourceTitle "CBM 083 Extra"]
[Source "ChessBase"]
[SourceDate "2001.09.11"]
[SourceVersion "1"]
[SourceVersionDate "2001.09.11"]
[SourceQuality "1"]

1. e4 g6 2. d4 Bg7 3. Nf3 d6 4. Be2 Nf6 5. Nc3 0-0 6. 0-0 a6 7. Re1 e6 8. a4 Nc6 9. Bf1 b6 10. g3 Bb7 11. Bg2 e5 12. dxe5 dxe5 13. Bg5 Qc8 14. Nd5 Nxd5 15. exd5 Nb8 16. Nxe5 f6 17. Nc6 Bxc6 18. dxc6 fxg5 19. Qd5+ Kh8 20. Re7 Bf6 21. Rf7 a5 22. Re1 Na6 23. Ree7 Rxf7 24. Rxf7 Bg7 25. Qd7 Qxd7 26. cxd7 Rd8 27. Re7 Bf6 28. Rf7 Bxb2 29. Re7 Bf6 30. Rf7 Bg7 31. Re7 Bf8 32. Re8 Rxd7 33. Rxf8+ Kg7 34. Rc8 Kf6 35. Bf1 Nc5 36. Bb5 Re7 37. Kg2 g4 38. f3 gxf3+ 39. Kxf3 Ke5 40. Ke3 Kd5+ 41. Kd2 Ne4+ 42. Kd3 Nd6 43. Rd8 Kc5 0-1

[Event "Biel MTO op"]
[Site "Biel"]
[Date "2001.07.23"]
[Round "1"]
[White "Ciric, Dragoljub M"]
[Black "Gross, Heinrich2222"]
[Result "1-0"]
[WhiteElo "2311"]
[BlackElo "2082"]
[PlyCount "59"]
[EventDate "2001.07.23"]
[EventType "swiss"]
[EventRounds "11"]
[EventCountry "SUI"]
[SourceTitle "CBM 083 Extra"]
[Source "ChessBase"]
[SourceDate "2001.09.11"]
[SourceVersion "1"]
[SourceVersionDate "2001.09.11"]
[SourceQuality "1"]

1. e4 c6 2. d4 d5 3. Nd2 dxe4 4. Nxe4 Bf5 5. Ng3 Bg6 6. Nf3 Nd7 7. Bd3 Bxd3 8. Qxd3 e6 9. 0-0 Ngf6 10. Qe2 Be7 11. b3 0-0 12. Bb2 Re8 13. Ne5 Qc7 14. c4 c5 15. Nxd7 Nxd7 16. dxc5 Nxc5 17. Nh5 Bf8 18. Nf6+ Kh8 19. Nxe8 Rxe8 20. Rfe1 f6 21. Rad1 Qf4 22. Rd4 Qf5 23. Red1 Be7 24. Ba3 Nxb3 25. axb3 Bxa3 26. Rd8 Rg8 27. g4 Qa5 28. Rxg8+ Kxg8 29. Qxe6+ Kf8 30. Rd7 1-0

[Event "Belgrade TS04 IM"]
[Site "Belgrade"]
[Date "2001.04.24"]
[Round "4"]
[White "Brkljaca, Ante"]
[Black "Ciric, Dragoljub M"]
[Result "1/2-1/2"]
[WhiteElo "2365"]
[BlackElo "2333"]
[PlyCount "22"]
[EventDate "2001.04.21"]
[EventType "tourn"]
[EventRounds "11"]
[EventCountry "YUG"]
[EventCategory "1"]
[SourceTitle "CBM 082 Extra"]
[Source "ChessBase"]
[SourceDate "2001.07.03"]
[SourceVersion "1"]
[SourceVersionDate "2001.07.03"]
[SourceQuality "1"]

1. d4 Nf6 2. Nf3 e6 3. c4 b6 4. g3 Bb7 5. Bg2 Be7 6. 0-0 0-0 7. Nc3 Ne4 8. Qc2 Nxc3 9. Qxc3 f5 10. Ne1 Bxg2 11. Nxg2 Bf6 1/2-1/2

[Event "Bern Ambassador op"]
[Site "Bern"]
[Date "2000.12.27"]
[Round "3"]
[White "Arbinger, Roland"]
[Black "Ciric, Dragoljub M"]
[Result "1/2-1/2"]
[WhiteElo "2050"]
[BlackElo "2356"]
[PlyCount "38"]
[EventDate "2000.12.26"]
[EventType "swiss"]
[EventRounds "7"]
[EventCountry "SUI"]
[SourceTitle "EXT 2002"]
[Source "ChessBase"]
[SourceDate "2001.11.25"]
[SourceVersion "1"]
[SourceVersionDate "2001.11.25"]
[SourceQuality "1"]

1. d4 Nf6 2. c4 e6 3. Nc3 Bb4 4. e3 Nc6 5. Qc2 e5 6. d5 Ne7 7. a3 Bxc3+ 8. Qxc3 d6 9. f3 0-0 10. Bd3 Ne8 11. Ne2 f5 12. b4 Nf6 13. Bb2 Bd7 14. Rd1 Kh8 15. f4 Ng6 16. 0-0 Ng4 17. Bc2 Qe7 18. h3 Nh6 19. fxe5 dxe5 1/2-1/2

[Event "Biel MTO op"]
[Site "Biel"]
[Date "2000.07.25"]
[Round "2"]
[White "Holzke, Frank"]
[Black "Ciric, Dragoljub M"]
[Result "1-0"]
[WhiteElo "2470"]
[BlackElo "2356"]
[PlyCount "93"]
[EventDate "2000.07.24"]
[EventType "swiss"]
[EventRounds "11"]
[EventCountry "SUI"]
[SourceTitle "CBM 077 Extra"]
[Source "ChessBase"]
[SourceDate "2000.09.14"]
[SourceVersion "1"]
[SourceVersionDate "2000.09.14"]
[SourceQuality "1"]

1. e4 c6 2. d4 d5 3. exd5 cxd5 4. c4 Nf6 5. Nc3 e6 6. Nf3 Be7 7. cxd5 Nxd5 8. Bd3 0-0 9. 0-0 Nc6 10. Re1 Nf6 11. a3 b6 12. Bc2 Ba6 13. Bg5 Rc8 14. Qd2 Nd5 15. Nxd5 exd5 16. Rac1 Bxg5 17. Nxg5 g6 18. Nf3 Qf6 19. Bb3 Rfd8 20. Ba2 Bc4 21. Bxc4 dxc4 22. Rxc4 b5 23. Rc3 Kg7 24. Qc2 Ne7 25. Rc5 Rxc5 26. dxc5 Nc6 27. h3 a5 28. Qe4 Rd7 29. Re3 b4 30. a4 Rd1+ 31. Re1 Rxe1+ 32. Nxe1 Qxb2 33. Qxc6 Qa1 34. Qe4 b3 35. Kh2 b2 36. Qe5+ Kh6 37. Qe3+ Kg7 38. Nc2 Qc1 39. Na3 Qxe3 40. fxe3 Kf6 41. Kg3 Ke6 42. c6 Kd6 43. Nc4+ Kxc6 44. Nxb2 Kc5 45. Kf4 Kb4 46. Ke5 Kb3 47. Kd5 1-0

[Event "Biel MTO op"]
[Site "Biel"]
[Date "1998.??.??"]
[Round "2"]
[White "Ciric, Dragoljub M"]
[Black "Kallai, Gabor"]
[Result "1/2-1/2"]
[WhiteElo "2350"]
[BlackElo "2470"]
[PlyCount "48"]
[EventDate "1998.07.21"]
[EventType "swiss"]
[EventRounds "11"]
[EventCountry "SUI"]
[SourceTitle "EXT 1999"]
[Source "ChessBase"]
[SourceDate "1998.11.16"]
[SourceVersion "1"]
[SourceVersionDate "1998.11.16"]
[SourceQuality "1"]

1. e4 c5 2. Nf3 Nc6 3. Nc3 g6 4. d4 cxd4 5. Nxd4 Bg7 6. Be3 Nf6 7. Bc4 0-0 8. 0-0 Nxe4 9. Nxe4 d5 10. Nxc6 bxc6 11. Bd3 dxe4 12. Bxe4 Ba6 13. Qxd8 Rfxd8 14. Rfd1 Bxb2 15. Rxd8+ Rxd8 16. Rb1 Bc4 17. g3 Bf6 18. a4 Bd5 19. Bxd5 Rxd5 20. Rb7 a5 21. Bh6 Rd8 22. Rc7 Bg7 23. Be3 Bd4 24. Bh6 Bg7 1/2-1/2

[Event "Biel MTO op"]
[Site "Biel"]
[Date "1998.??.??"]
[Round "3"]
[White "Ciric, Dragoljub M"]
[Black "Kunte, Abhijit"]
[Result "1/2-1/2"]
[WhiteElo "2350"]
[BlackElo "2460"]
[PlyCount "75"]
[EventDate "1998.07.21"]
[EventType "swiss"]
[EventRounds "11"]
[EventCountry "SUI"]
[SourceTitle "EXT 1999"]
[Source "ChessBase"]
[SourceDate "1998.11.16"]
[SourceVersion "1"]
[SourceVersionDate "1998.11.16"]
[SourceQuality "1"]

1. e4 c5 2. Nf3 e6 3. Nc3 Nc6 4. d4 cxd4 5. Nxd4 Qc7 6. g3 a6 7. Bg2 Nf6 8. 0-0 Bc5 9. Nce2 0-0 10. c4 b6 11. Nb3 Be7 12. Bf4 d6 13. Rc1 Ne5 14. Ned4 Bb7 15. Qe2 Rac8 16. Nd2 Rfe8 17. h3 Qb8 18. g4 Qa8 19. Bg3 Nfd7 20. Qe3 Nc6 21. Nxc6 Bxc6 22. Nb3 Nc5 23. Nxc5 dxc5 24. f3 Red8 25. Rfd1 Rxd1+ 26. Rxd1 Rd8 27. Rd2 b5 28. Bc7 Rxd2 29. Qxd2 Qb7 30. Bd8 Bf8 31. Ba5 b4 32. Qd8 f6 33. Bc7 Qa8 34. Qxa8 Bxa8 35. Bg3 e5 36. Kf1 Kf7 37. Ke2 Ke6 38. Bf2 1/2-1/2

[Event "Biel MTO op"]
[Site "Biel"]
[Date "1998.??.??"]
[Round "6"]
[White "Ciric, Dragoljub M"]
[Black "Tukmakov, Vladimir B"]
[Result "1/2-1/2"]
[WhiteElo "2350"]
[BlackElo "2610"]
[PlyCount "119"]
[EventDate "1998.07.21"]
[EventType "swiss"]
[EventRounds "11"]
[EventCountry "SUI"]
[SourceTitle "EXT 1999"]
[Source "ChessBase"]
[SourceDate "1998.11.16"]
[SourceVersion "1"]
[SourceVersionDate "1998.11.16"]
[SourceQuality "1"]

1. e4 c5 2. Nf3 d6 3. d4 Nf6 4. dxc5 Qa5+ 5. c3 Qxc5 6. Bd3 g6 7. 0-0 Bg7 8. h3 0-0 9. Be3 Qc7 10. Qd2 d5 11. Bf4 Qb6 12. Be3 Qd8 13. e5 Ne4 14. Qc2 Nc6 15. Bxe4 dxe4 16. Qxe4 Bf5 17. Qh4 Nxe5 18. Nbd2 Bd3 19. Rfe1 Nxf3+ 20. Nxf3 e5 21. Qg3 Qa5 22. Nh2 Rad8 23. Rad1 Bc4 24. Qh4 Be6 25. a3 f6 26. f3 a6 27. Qf2 Qa4 28. Rd2 Rd7 29. Rxd7 Qxd7 30. Re2 Qd1+ 31. Re1 Qd3 32. Re2 f5 33. Rd2 Qb5 34. Nf1 Bc4 35. Bg5 e4 36. f4 Bd3 37. Ng3 Re8 38. Qe3 Kf7 39. Ne2 Bf8 40. Nd4 Bc5 41. Kh2 Qb6 42. b4 Bf8 43. Rd1 Rc8 44. Rc1 Bg7 45. Bh4 Rxc3 46. Rxc3 Bxd4 47. Qc1 Bxc3 48. Qxc3 Qd6 49. Qc1 Bb5 50. Bf2 Ke6 51. Qc8+ Qd7 52. Qg8+ Kd6 53. Qf8+ Ke6 54. Qg8+ Qf7 55. Qc8+ Kd6 56. Qd8+ Qd7 57. Qf6+ Qe6 58. Qd8+ Qd7 59. Qf6+ Qe6 60. Qd8+ 1/2-1/2

[Event "Biel MTO op"]
[Site "Biel"]
[Date "1998.??.??"]
[Round "9"]
[White "Heedt, Thorsten"]
[Black "Ciric, Dragoljub M"]
[Result "0-1"]
[WhiteElo "2190"]
[BlackElo "2350"]
[PlyCount "62"]
[EventDate "1998.07.21"]
[EventType "swiss"]
[EventRounds "11"]
[EventCountry "SUI"]
[SourceTitle "EXT 1999"]
[Source "ChessBase"]
[SourceDate "1998.11.16"]
[SourceVersion "1"]
[SourceVersionDate "1998.11.16"]
[SourceQuality "1"]

1. e4 c6 2. d4 d5 3. exd5 cxd5 4. c4 Nf6 5. Nc3 e6 6. Nf3 Be7 7. Bf4 0-0 8. Bd3 dxc4 9. Bxc4 Nd5 10. Be5 Nc6 11. 0-0 Nxe5 12. Nxe5 Nxc3 13. bxc3 Qc7 14. Qb3 Bd6 15. Rfe1 b6 16. Re3 Bb7 17. Bd3 g6 18. Rae1 Rac8 19. c4 Rfd8 20. Ng4 Bf4 21. Rh3 Rxd4 22. Qc2 Qd8 23. Qe2 h5 24. Bxg6 fxg6 25. Qxe6+ Kg7 26. Ne5 Bxe5 27. Qxe5+ Qf6 28. Qb5 Rd2 29. Rf1 Rf8 30. f3 Qd4+ 31. Kh1 Rd1 0-1

[Event "Biel MTO op"]
[Site "Biel"]
[Date "1997.??.??"]
[Round "8"]
[White "Polak, Tomas"]
[Black "Ciric, Dragoljub M"]
[Result "1-0"]
[WhiteElo "2470"]
[BlackElo "2360"]
[PlyCount "51"]
[EventDate "1997.07.21"]
[EventType "swiss"]
[EventRounds "11"]
[EventCountry "SUI"]
[SourceTitle "CBM 060 Extra"]
[Source "ChessBase"]
[SourceDate "1997.11.04"]
[SourceVersion "1"]
[SourceVersionDate "1997.11.04"]
[SourceQuality "1"]

1. d4 d5 2. c4 e6 3. Nc3 Nf6 4. cxd5 exd5 5. Bg5 Be7 6. e3 Nbd7 7. Bd3 c6 8. Qc2 Nh5 9. Bxe7 Qxe7 10. Nge2 Nb6 11. h3 g6 12. 0-0-0 Bd7 13. Kb1 0-0-0 14. Na4 Nxa4 15. Qxa4 Kb8 16. Rc1 Ng7 17. Rc3 Bf5 18. Rd1 Bxd3+ 19. Rdxd3 Ne6 20. Ra3 a6 21. Rdb3 Kc8 22. Qa5 Nc7 23. Nc3 Nb5 24. Nxb5 cxb5 25. Qb6 Rd7 26. Rc3+ 1-0

[Event "Biel MTO op"]
[Site "Biel"]
[Date "1997.??.??"]
[Round "10"]
[White "Skomorokhin, Roman"]
[Black "Ciric, Dragoljub M"]
[Result "1-0"]
[WhiteElo "2470"]
[BlackElo "2360"]
[PlyCount "73"]
[EventDate "1997.07.21"]
[EventType "swiss"]
[EventRounds "11"]
[EventCountry "SUI"]
[SourceTitle "CBM 060 Extra"]
[Source "ChessBase"]
[SourceDate "1997.11.04"]
[SourceVersion "1"]
[SourceVersionDate "1997.11.04"]
[SourceQuality "1"]

1. d4 d5 2. c4 e6 3. Nf3 Nf6 4. Nc3 Be7 5. Qc2 0-0 6. Bg5 Ne4 7. Bxe7 Qxe7 8. Rc1 Nxc3 9. Qxc3 c6 10. g3 Nd7 11. Bg2 b6 12. 0-0 Ba6 13. Nd2 Rac8 14. Rfe1 Nf6 15. c5 Nd7 16. e4 bxc5 17. dxc5 Qf6 18. e5 Qg6 19. Qa5 Nb8 20. Nf3 f5 21. Nd4 f4 22. Qd2 Rce8 23. Rc3 Qh6 24. Qc2 g5 25. Qa4 Qg7 26. Rb3 Bc4 27. Rxb8 Rxb8 28. Nxe6 fxg3 29. hxg3 Qf7 30. Nxf8 Rxb2 31. f3 Qxf8 32. Qxc6 Rb5 33. e6 Rxc5 34. Qd7 Bb5 35. Qxa7 Rc2 36. e7 Qe8 37. Qd4 1-0

[Event "YUG-chT"]
[Site "Tivat"]
[Date "1995.??.??"]
[Round "11"]
[White "Abramovic, Bosko"]
[Black "Ciric, Dragoljub M"]
[Result "1-0"]
[WhiteElo "2480"]
[BlackElo "2335"]
[PlyCount "105"]
[EventDate "1995.??.??"]
[EventType "team-swiss"]
[EventRounds "11"]
[EventCountry "YUG"]
[SourceTitle "CBM 048 Extra"]
[Source "ChessBase"]
[SourceDate "1995.11.01"]
[SourceVersion "1"]
[SourceVersionDate "1995.11.01"]
[SourceQuality "1"]

1. d4 d5 2. Nf3 e6 3. c4 Nf6 4. g3 Be7 5. Bg2 0-0 6. 0-0 c6 7. Qc2 Nbd7 8. b3 b6 9. Rd1 Bb7 10. Nc3 Rc8 11. e4 dxe4 12. Nxe4 c5 13. Nxf6+ Bxf6 14. Ng5 Bxg5 15. Bxb7 Rc7 16. dxc5 Bxc1 17. Raxc1 Rxb7 18. c6 Rc7 19. cxd7 Qe7 20. b4 Rxd7 21. Rxd7 Qxd7 22. c5 bxc5 23. bxc5 Qc6 24. Qc3 Rc8 25. Qa5 Rc7 26. a4 a6 27. Rd1 h6 28. Rc1 Kh7 29. Qb4 Rb7 30. Qc4 a5 31. Qd3+ f5 32. Qd6 Qxd6 33. cxd6 Rd7 34. Rc6 Kg6 35. Ra6 Kf6 36. f4 g6 37. Kf2 e5 38. fxe5+ Kxe5 39. Rxa5+ Kxd6 40. Ra6+ Ke5 41. Ke3 g5 42. Ra5+ Ke6 43. Rb5 h5 44. Rb1 Rc7 45. Ra1 Ke5 46. a5 f4+ 47. gxf4+ gxf4+ 48. Kf3 Rc3+ 49. Kf2 Rc2+ 50. Kg1 f3 51. a6 Rg2+ 52. Kf1 Rxh2 53. Ra4 1-0

[Event "Biel MTO op"]
[Site "Biel"]
[Date "1995.??.??"]
[Round "7"]
[White "Avrukh, Boris"]
[Black "Ciric, Dragoljub M"]
[Result "1-0"]
[WhiteElo "2430"]
[BlackElo "2335"]
[PlyCount "69"]
[EventDate "1995.07.??"]
[EventType "swiss"]
[EventRounds "11"]
[EventCountry "SUI"]
[SourceTitle "CBM 048 Extra"]
[Source "ChessBase"]
[SourceDate "1995.11.01"]
[SourceVersion "1"]
[SourceVersionDate "1995.11.01"]
[SourceQuality "1"]

1. e4 c6 2. d4 d5 3. e5 Bf5 4. Nf3 e6 5. Be2 Nd7 6. 0-0 Bg4 7. Bg5 Be7 8. Bc1 Bxf3 9. Bxf3 Bg5 10. Nd2 Nh6 11. g3 Nf5 12. c3 g6 13. Bg2 h5 14. Bh3 Ng7 15. Qe2 a6 16. a4 Be7 17. Nf3 c5 18. dxc5 Nxc5 19. Nd4 Qd7 20. a5 Nf5 21. Bxf5 gxf5 22. h4 Qc7 23. Bf4 Nd7 24. Nxf5 exf5 25. e6 Bd6 26. exd7+ Kxd7 27. Bxd6 Qxd6 28. Qf3 Kc7 29. Rfd1 Rad8 30. Ra4 Rhg8 31. Rf4 Rg4 32. Rxf5 Rdg8 33. Kg2 Rxh4 34. Rdxd5 Qc6 35. Rc5 1-0

[Event "Budapest FS05 IM"]
[Site "Budapest"]
[Date "1995.??.??"]
[Round "3"]
[White "Ciric, Dragoljub M"]
[Black "Hoang, Thanh Trang"]
[Result "0-1"]
[WhiteElo "2370"]
[BlackElo "2325"]
[PlyCount "168"]
[EventDate "1995.05.??"]
[EventType "tourn"]
[EventRounds "11"]
[EventCountry "HUN"]
[EventCategory "2"]
[SourceTitle "EXT 1997"]
[Source "ChessBase"]
[SourceDate "1996.11.15"]
[SourceVersion "1"]
[SourceVersionDate "1996.11.15"]
[SourceQuality "1"]

1. e4 e6 2. d4 d5 3. exd5 exd5 4. c4 Nf6 5. Nc3 Be7 6. Bd3 0-0 7. Nge2 dxc4 8. Bxc4 Nbd7 9. 0-0 Nb6 10. Bb3 c6 11. h3 Nbd5 12. Ng3 Bd6 13. Qf3 Qb6 14. Rd1 Bxg3 15. Qxg3 Bf5 16. Bg5 Bg6 17. Bxf6 Nxf6 18. d5 cxd5 19. Nxd5 Nxd5 20. Rxd5 Rad8 21. Rad1 Rxd5 22. Rxd5 Qc6 23. Kh2 Bc2 24. Rg5 g6 25. Bd5 Qf6 26. Re5 Rd8 27. Bxb7 Qb6 28. Bd5 Qxb2 29. Qf4 Rd7 30. Qf6 Qb8 31. f4 Bf5 32. Qg5 Bd3 33. Qg3 Qb1 34. Qe3 Kg7 35. Qd4 Kh6 36. f5 Bxf5 37. Qe3+ Kg7 38. Bc4 Qb8 39. Qg3 Qc7 40. Bb5 Rd1 41. a4 Qc1 42. Qe3 Rh1+ 43. Kg3 Qc7 44. Kf2 Qc2+ 45. Kg3 Rb1 46. Qd4 Qc7 47. Kf2 Qb6 48. Qxb6 axb6 49. Re7 Be6 50. Rb7 Rb2+ 51. Ke3 Rxg2 52. Rxb6 Bxh3 53. a5 Ra2 54. a6 h5 55. Bc4 Ra4 56. Bd5 Bf1 57. Rb7 Bxa6 58. Rxf7+ Kh6 59. Be4 Ra3+ 60. Kf4 Ra1 61. Ke5 Rf1 62. Rc7 Bb5 63. Re7 Bc4 64. Rd7 Rf7 65. Rd6 Re7+ 66. Kf4 Re6 67. Rd4 Be2 68. Kg3 Bg4 69. Rb4 Rf6 70. Rb8 Bf5 71. Bf3 Kg5 72. Rh8 Ra6 73. Kf2 Ra2+ 74. Kg3 Ra3 75. Kf2 h4 76. Be2 Rh3 77. Kg2 Kf4 78. Ba6 g5 79. Rf8 Rg3+ 80. Kh2 Rf3 81. Bc8 Kg4 82. Bb7 Rb3 83. Bc6 Rb2+ 84. Kg1 h3 0-1

[Event "Biel MTO op"]
[Site "Biel"]
[Date "1995.??.??"]
[Round "10"]
[White "Ciric, Dragoljub M"]
[Black "Kogan, Artur"]
[Result "1-0"]
[WhiteElo "2335"]
[BlackElo "2495"]
[PlyCount "87"]
[EventDate "1995.07.??"]
[EventType "swiss"]
[EventRounds "11"]
[EventCountry "SUI"]
[SourceTitle "CBM 048 Extra"]
[Source "ChessBase"]
[SourceDate "1995.11.01"]
[SourceVersion "1"]
[SourceVersionDate "1995.11.01"]
[SourceQuality "1"]

1. e4 c5 2. Nf3 Nc6 3. Nc3 e6 4. Bb5 Nge7 5. 0-0 a6 6. Be2 Ng6 7. d4 cxd4 8. Nxd4 Qc7 9. Nxc6 bxc6 10. f4 Bb7 11. Be3 c5 12. Qe1 Be7 13. Qg3 d5 14. exd5 exd5 15. Na4 d4 16. Bd2 Nh4 17. Rf2 Nf5 18. Qd3 g6 19. b3 0-0 20. Bf3 Bxf3 21. Rxf3 Rfe8 22. Re1 Qc6 23. Qe4 Qb5 24. Qd3 Bd6 25. Rff1 Rad8 26. Nb2 Ne3 27. Bxe3 dxe3 28. Qe2 Bc7 29. Nc4 Ba5 30. a4 Qb4 31. Rd1 Rd4 32. f5 Bc7 33. g3 Rxd1 34. Rxd1 gxf5 35. Rd7 Be5 36. Kg2 Bg7 37. Qh5 Rf8 38. Nxe3 f4 39. Nf5 Qe4+ 40. Kh3 fxg3 41. Qg5 Qe5 42. Nh6+ Kh8 43. Nxf7+ Rxf7 44. Rd8+ 1-0